00880 2200301 4500001002100000005001500021035002000036007000300056008004100059020002200100082001700122084001900139100003600158245007000194250003400264300002500298650002000323700003100343264003000374336002100404337003000425338002300455040002200478090002200500850001200522999002200534990002200556INLIS00000000089232120250116093123 a0010-0125000221ta250116s2024 yoi g f ind d a978-623-305-478-204223a899.2213 a899.2213 KAR k0 aKartika Catur PelitaePengarang10aKembang randu /cKartika Catur Pelita; penyunting, Daruz Armedian aCetakan Pertama, Agustus 2024 a142 halaman ;c20 cm 4aFiksi Indonesia0 aDaruz ArmedianePenyunting31aBantul :bBasabasi,c2024 2rdacontentateks 2rdamediaatanpa perantara 2rdacarrieravolume aYOPDYOGbinderda aCB-D.11 2024-4169 aYOPDYOG aCB-D.11/2024-4169 aCB-D.11/2024-4169